000 00368nam a2200157Ia 4500
008 230917s9999||||xx |||||||||||||| ||und||
020 _cRS475
040 _e14977
_aMAIN
041 _aEnglish
082 _a301.35 S23R
100 _aSharma, K L
245 0 _aRural society in India
260 _aJaipur
_bRawat publications
_c1997
300 _a308 p.
942 _cBK
999 _c96006
_d96006